000 01819nam a2200253Ia 4500
008 260220t1971||||xx |||||||||||||| ||spa||
040 _aPY-SlUNAC
_bspa
_erda
041 _aspa
082 _a510
_bL296m
100 _aLanuza, Francisco Marcos de
_eAutor
245 0 _aMatemáticas :
_bquinto curso /
_cpor Francisco Marcos de Lanuza [Autor]
250 _aCuarta edición
264 _aAsunción :
_bGregorio del Toro,
_c℗1971.
300 _a1 volumen
520 _aEl libro "Matemáticas: quinto curso" de Francisco Marcos de Lanuza, publicado en 1971 por Gregorio del Toro en Asunción, es un texto educativo enfocado en el aprendizaje de las matemáticas a nivel de quinto grado. A través de una estructura clara y didáctica, el autor presenta conceptos fundamentales como aritmética, geometría, álgebra y medidas, promoviendo el pensamiento lógico y la resolución de problemas. Cada capítulo incluye explicaciones teóricas acompañadas de ejemplos prácticos y ejercicios que facilitan la comprensión del material. Lanuza también enfatiza la importancia de las matemáticas en la vida cotidiana, animando a los estudiantes a aplicar los conocimientos adquiridos en situaciones reales. La obra se destaca por su enfoque en el desarrollo de habilidades críticas y analíticas, así como por su diseño accesible, que busca atender a un público diverso en el contexto educativo de la época. En conjunto, este libro se convierte en una herramienta valiosa para el aprendizaje y la enseñanza de las matemáticas en la educación básica.
653 _aEducación
653 _aEscuelas primarias
653 _aMatemáticas
942 _b2026/02/17
_cBK
999 _c7319
_d7319